000 00662nam a22002177a 4500
003 OSt
005 20140506105425.0
008 140506b xxu||||| |||| 00| 0 eng d
020 _a9780071263658
050 _aHA 29
_b.L75 2008
100 _aLind, Douglas A.
245 _aBasic statistics for business & economics /
_cDouglas A. Lind.
250 _a6th ed.
260 _aNew York :
_bMcGraw-Hill,
_cc2008.
300 _axvi. 582 p. :
_bcol. ill. ;
_c27 cm.
650 _aSocial sciences
_xStatistical methods.
650 _aEconomics
_xStatistical methods.
650 _aIndustrial management
_yStatistical methods.
942 _2lcc
_cBK
999 _c115800
_d115800